000 00297nam a22001337a 4500
003 SGT
082 _a617.645
_bC19N
100 _aNARULA, PAYAL
245 _aCARIES VACCINE
260 _aDELHI NCR
_bSGT UNIVERSITY GURUGRAM
_c2019
300 _a1-71
650 _aPEDODONTICS
942 _2ddc
_cTH
999 _c18464
_d18464